[Event "OPEN74 2025"]
[Site "Savigny"]
[Date "2025.05.29"]
[Round "1.10"]
[White "Debbiche, Amir"]
[Black "Delattaignant, Anne Claire"]
[Result "1-0"]
[WhiteElo "1690"]
[BlackElo "1399"]
[PlyCount "27"]
[EventDate "2025.05.29"]
[EventCountry "FRA"]

1. e4 e5 2. Nf3 Nc6 3. Bc4 f5 4. d3 Bc5 5. Ng5 Nh6 6. Qh5+ Ke7 7. Ne6 dxe6 8. Bg5+ Kd7 9. Bxd8 Kxd8 10. Qg5+ Ne7 11. Qxg7 Rg8 12. Qxh6 Rxg2 13. Bxe6 Rg6 14. Qf8# 1-0

[Event "OPEN74 2025"]
[Site "Savigny"]
[Date "2025.05.29"]
[Round "1.16"]
[White "Lorenter, Patrick"]
[Black "Cardoso, Loan"]
[Result "1-0"]
[WhiteElo "1637"]
[BlackElo "1299"]
[PlyCount "37"]
[EventDate "2025.05.29"]
[EventCountry "FRA"]

1. e4 c6 2. d4 d5 3. e5 Bf5 4. h4 e6 5. g4 Bxg4 6. Qxg4 Nh6 7. Bxh6 gxh6 8. Nd2 Nd7 9. O-O-O f6 10. Qxe6+ Be7 11. exf6 Nxf6 12. Re1 Rf8 13. Rh3 Rf7 14. Rf3 Kf8 15. Kb1 h5 16. Bd3 Rc8 17. Nh3 c5 18. Ng5 Rc6 19. Qxf7# 1-0

[Event "OPEN74 2025"]
[Site "Savigny"]
[Date "2025.05.29"]
[Round "1.6"]
[White "Aubier, Lorys"]
[Black "Lorenzini, Odile"]
[Result "1-0"]
[WhiteElo "1799"]
[BlackElo "1511"]
[PlyCount "55"]
[EventDate "2025.05.29"]
[EventCountry "FRA"]

1. d4 d5 2. Bf4 Nf6 3. e3 Nc6 4. Nc3 Bf5 5. Bd3 Bxd3 6. cxd3 e6 7. Qb3 b6 8. Qa4 Qd7 9. Rc1 Be7 10. Nb5 Bb4+ 11. Kf1 Bd6 12. Nxd6+ cxd6 13. Qxc6 O-O 14. Qxd7 Nxd7 15. Bxd6 Rfc8 16. Rxc8+ Rxc8 17. g3 Rc1+ 18. Kg2 Nf6 19. Nf3 Rc2 20. Ne5 Rxb2 21. Rc1 h6 22. a3 Kh7 23. h3 a5 24. Nxf7 Rb3 25. Ne5 Ne8 26. Rc6 b5 27. Be7 h5 28. Rxe6 1-0

[Event "OPEN74 2025"]
[Site "Savigny"]
[Date "2025.05.29"]
[Round "1.17"]
[White "Hamdaoui, Bilal"]
[Black "Aubier, garry"]
[Result "0-1"]
[WhiteElo "1299"]
[BlackElo "1603"]
[PlyCount "62"]
[EventDate "2025.05.29"]
[EventCountry "FRA"]

1. e4 e6 2. d4 d5 3. e5 c5 4. c3 Qb6 5. Nf3 Nc6 6. b3 Nge7 7. Be3 Nf5 8. Be2 Be7 9. O-O O-O 10. Na3 Nxe3 11. fxe3 cxd4 12. cxd4 Bxa3 13. Bd3 Nb4 14. Ng5 Nxd3 15. Qxd3 g6 16. Rad1 Qd8 17. Nh3 Bd7 18. e4 a6 19. Rf2 Bb5 20. Qe3 dxe4 21. Qh6 Be7 22. Qf4 Bd3 23. Qe3 Rc8 24. Rxd3 exd3 25. Qxd3 Rc1+ 26. Rf1 Rxf1+ 27. Qxf1 Qb6 28. Qd3 Rd8 29. Nf2 Qb4 30. Qe2 Qxd4 31. h3 Bc5 0-1

[Event "OPEN74 2025"]
[Site "Savigny"]
[Date "2025.05.29"]
[Round "1.12"]
[White "Richard, Maxime"]
[Black "Herma Winnem, Gabriel"]
[Result "1-0"]
[WhiteElo "1655"]
[BlackElo "1399"]
[PlyCount "51"]
[EventDate "2025.05.29"]
[EventCountry "FRA"]

1. d4 d5 2. c4 e6 3. Nc3 Nf6 4. cxd5 exd5 5. Bg5 Be7 6. e3 O-O 7. Bd3 Nc6 8. Nge2 Nb4 9. Bb1 b6 10. a3 Nc6 11. Qc2 g6 12. Nf4 Bf5 13. Qa4 Bxb1 14. Rxb1 Na5 15. Bxf6 Bxf6 16. Nfxd5 Bg7 17. O-O Nb7 18. Qc6 Na5 19. Qxc7 Nb3 20. Rfd1 Qxc7 21. Nxc7 Rac8 22. N7d5 Rfe8 23. Nb5 a6 24. Nd6 Red8 25. Ne7+ Kh8 26. Nxf7# 1-0

[Event "OPEN74 2025"]
[Site "Savigny"]
[Date "2025.05.29"]
[Round "1.3"]
[White "Bernard, Claude"]
[Black "Drillat, Michel"]
[Result "1-0"]
[WhiteElo "1535"]
[BlackElo "1821"]
[PlyCount "67"]
[EventDate "2025.05.29"]
[EventCountry "FRA"]

1. d4 Nf6 2. c4 c5 3. d5 b5 4. b3 bxc4 5. bxc4 g6 6. Bb2 Bg7 7. e3 O-O 8. Ne2 d6 9. h3 Nbd7 10. Nd2 Rb8 11. Rb1 Nb6 12. Nc3 Bd7 13. Be2 Qc7 14. O-O Rb7 15. Nce4 Nxe4 16. Nxe4 Rfb8 17. Bxg7 Kxg7 18. Bd3 Ba4 19. Qf3 Nd7 20. Rxb7 Rxb7 21. Qe2 Ne5 22. f4 Nxd3 23. Qxd3 Bd7 24. Ng3 f5 25. e4 fxe4 26. Qxe4 Be8 27. f5 Rb8 28. Qe6 Bf7 29. f6+ exf6 30. Qxf6+ Kg8 31. Ne4 Rd8 32. Ng5 Rd7 33. Ne6 Bxe6 34. Qf8# 1-0

[Event "OPEN74 2025"]
[Site "Savigny"]
[Date "2025.05.29"]
[Round "1.2"]
[White "Lamouille, Patrick"]
[Black "Tea, Pascal"]
[Result "1-0"]
[WhiteElo "1909"]
[BlackElo "1548"]
[PlyCount "115"]
[EventDate "2025.05.29"]
[EventCountry "FRA"]

1. d4 d5 2. Nf3 Bf5 3. c4 e6 4. Nc3 c6 5. e3 Nf6 6. cxd5 exd5 7. Be2 Bd6 8. a3 Nbd7 9. b4 Ne4 10. Bb2 Ndf6 11. h3 h5 12. Nxe4 Nxe4 13. Rc1 a6 14. Ne5 Qg5 15. Bf3 f6 16. h4 Qh6 17. Nd3 Qg6 18. Nf4 Bxf4 19. exf4 Bg4 20. Rc2 Bxf3 21. gxf3 Nd6 22. Re2+ Kd7 23. Kd2 Rae8 24. Rg1 Qf7 25. Kc3 Rxe2 26. Qxe2 Re8 27. Qd3 Re7 28. Qh7 f5 29. Rg6 Qe8 30. Qxh5 Kc7 31. Qg5 Nb5+ 32. Kb3 Re3+ 33. fxe3 Qxe3+ 34. Ka2 Nc3+ 35. Bxc3 Qxc3 36. Rxg7+ Kb6 37. Qg1 Qc2+ 38. Ka1 Qc3+ 39. Kb1 Qb3+ 40. Kc1 Qxa3+ 41. Kd1 Qxf3+ 42. Ke1 Qe4+ 43. Kf1 Qf3+ 44. Qf2 Qh3+ 45. Rg2 Qh1+ 46. Ke2 Qb1 47. Kf3 Qd3+ 48. Qe3 Qd1+ 49. Kf2 Qc2+ 50. Kg3 Qd1 51. Kh2 Qh5 52. Kh3 Qd1 53. Qc3 Qh1+ 54. Kg3 Qd1 55. Kh2 Qh5 56. Qc5+ Kc7 57. Rg7+ Kb8 58. Qe7 1-0

[Event "OPEN74 2025"]
[Site "Savigny"]
[Date "2025.05.29"]
[Round "2.17"]
[White "Tea, Iris"]
[Black "Perrin, Leonie"]
[Result "0-1"]
[WhiteElo "1299"]
[BlackElo "1471"]
[PlyCount "36"]
[EventDate "2025.05.29"]
[EventCountry "FRA"]

1. e4 e5 2. Nf3 Nc6 3. Bc4 Bc5 4. O-O Nf6 5. Nc3 d6 6. d3 Bg4 7. Bg5 Nd4 8. Nd5 Nxf3+ 9. gxf3 Bh3 10. Re1 Rg8 11. Bxf6 gxf6+ 12. Kh1 Bg2+ 13. Kg1 Bxf3+ 14. Kf1 Bxd1 15. Raxd1 c6 16. Nxf6+ Qxf6 17. d4 Bxd4 18. c3 Qxf2# 0-1

[Event "OPEN74 2025"]
[Site "Savigny"]
[Date "2025.05.29"]
[Round "2.8"]
[White "Krasniqi, delfin"]
[Black "Bernard, Claude"]
[Result "1-0"]
[WhiteElo "1703"]
[BlackElo "1535"]
[PlyCount "35"]
[EventDate "2025.05.29"]
[EventCountry "FRA"]

1. d4 d5 2. c4 e6 3. Nf3 Nf6 4. Nc3 c6 5. e3 Nbd7 6. Be2 dxc4 7. a4 (7. Bxc4) 7... Bb4 8. Bxc4 Ne4 9. Qc2 Ndf6 10. O-O Nxc3 11. bxc3 Bd6 12. e4 Bc7 13. Bg5 h6 14. Bh4 g5 15. Bg3 Bxg3 16. fxg3 Qc7 17. Ne5 h5 $4 18. Rxf6 1-0

[Event "OPEN74 2025"]
[Site "Savigny"]
[Date "2025.05.29"]
[Round "2.9"]
[White "Renard, Stephane"]
[Black "Debbiche, Amir"]
[Result "0-1"]
[WhiteElo "1399"]
[BlackElo "1690"]
[PlyCount "52"]
[EventDate "2025.05.29"]
[EventCountry "FRA"]

1. e4 e5 2. Nf3 Nc6 3. Bc4 Bc5 4. c3 Nf6 5. d3 d6 6. Bg5 h6 7. Bh4 a6 8. Nbd2 O-O 9. O-O Be6 10. Bb3 b5 11. a3 a5 12. Ba2 b4 13. Bxe6 fxe6 14. axb4 axb4 15. Nb3 Bb6 16. Re1 Qe8 17. h3 Qg6 18. Nbd2 Nh5 19. Nc4 Rxa1 20. Qxa1 Rxf3 21. Qa8+ Kh7 22. Nxb6 cxb6 23. Qxc6 Nf4 24. Bg3 Rxg3 25. Kh1 (25. fxg3 Qxg3) 25... Rxh3+ 26. gxh3 Qg2# 0-1

[Event "OPEN74 2025"]
[Site "Savigny"]
[Date "2025.05.29"]
[Round "2.5"]
[White "Lorenter, Patrick"]
[Black "Aubier, Lorys"]
[Result "0-1"]
[WhiteElo "1636"]
[BlackElo "1799"]
[PlyCount "38"]
[EventDate "2025.05.29"]
[EventCountry "FRA"]

1. e4 e6 2. d4 d5 3. e5 c5 4. c3 Qb6 5. Nf3 Nc6 6. Bd3 cxd4 7. O-O Bd7 8. Re1 Nge7 9. cxd4 Nxd4 10. Nxd4 Qxd4 11. Nc3 a6 12. Qe2 Nc6 13. Bd2 Be7 14. Rad1 Qb6 15. Bf4 h5 16. b3 Qd4 17. Bd2 h4 18. Qe3 Qxe3 19. Rxe3 d4 0-1

[Event "OPEN74 2025"]
[Site "Savigny"]
[Date "2025.05.29"]
[Round "2.7"]
[White "Aubier, Garry"]
[Black "Van Bruggen, Hubert"]
[Result "0-1"]
[WhiteElo "1603"]
[BlackElo "1751"]
[PlyCount "66"]
[EventDate "2025.05.29"]
[EventCountry "FRA"]

1. d4 d5 2. Bf4 c5 3. e3 Qb6 4. b3 Nf6 5. Bd3 cxd4 6. exd4 Nc6 7. c3 g6 8. Nd2 Bg7 9. Ngf3 Bg4 10. h3 Bxf3 11. Nxf3 O-O 12. O-O Nd7 13. Re1 Rfe8 14. Be3 Qc7 15. Bb5 a6 16. Be2 Rac8 17. Qd2 Nf6 18. Bf4 Qd7 19. Ne5 Nxe5 20. Bxe5 Ne4 21. Qf4 Rxc3 22. Bxg7 Kxg7 23. Bg4 f5 24. Bf3 Rec8 25. Bxe4 fxe4 26. f3 Qf5 27. Qxf5 gxf5 28. fxe4 fxe4 29. Kf2 Rf8+ 30. Kg1 Rc2 31. Rf1 Rxf1+ 32. Rxf1 Rd2 33. b4 Rxd4 0-1

[Event "OPEN74 2025"]
[Site "Savigny"]
[Date "2025.05.29"]
[Round "2.3"]
[White "Czarniak, Tristan"]
[Black "Garin-Laurel, Matheo"]
[Result "1/2-1/2"]
[WhiteElo "1654"]
[BlackElo "1809"]
[PlyCount "130"]
[EventDate "2025.05.29"]
[EventCountry "FRA"]

1. e4 c5 2. c3 Nf6 3. e5 Nd5 4. Nf3 Nc6 5. Bc4 Nb6 6. Bb5 (6. Bb3 c4 7. Bc2 Qc7 8. Qe2) 6... e6 (6... a6 7. Bxc6 dxc6 8. d4) 7. O-O d6 (7... Qc7 8. Bxc6 dxc6) (7... d5 8. d4) 8. d4 dxe5 9. Nxe5 Bd7 10. Nxd7 Qxd7 11. Be3 cxd4 12. Bxd4 O-O-O 13. Qf3 Qc7 14. Bxc6 bxc6 15. Nd2 Bd6 16. h3 Bc5 17. Nb3 Bxd4 18. cxd4 Rd5 19. Rac1 Kd8 20. Rc2 Ke7 21. Rfc1 Rc8 22. Rxc6 Qxc6 23. Rxc6 Rxc6 24. Nc5 Nd7 25. Nxd7 Rc1+ 26. Kh2 Rxd7 27. d5 Rcc7 (27... Rxd5 28. Qa3+ (28. Qf4 Rcc5 29. b4 $15 {[%eval -33,24]}) 28... Kf6 $11 {[%eval 0,23]} 29. Qxa7 $11 {[%eval 0,25]}) (27... Rc5 28. dxe6 fxe6 $16 {[%eval 93,23]}) (27... Rc2 28. Qa3+ (28. dxe6) 28... Ke8 29. Qb3 $14 {[%eval 70,24]}) 28. dxe6 fxe6 29. Qg4 Kf7 30. Qh5+ g6 31. Qxh7+ Kf6 32. Qh4+ Kg7 33. Qg3 Rb7 34. a3 Kf7 35. b4 Kf6 36. Qf4+ Kg7 37. a4 Re7 38. Qe5+ Kf7 39. b5 Red7 40. Qe4 Re7 41. g4 Kf6 42. Qf4+ Kg7 43. Qe5+ Kh7 44. Kg3 Rbd7 45. a5 Rd3+ 46. f3 Rf7 47. Qe4 Rb3 48. Qc6 Ra3 49. b6 axb6 50. axb6 Rb3 51. b7 Rbxb7 52. Qxe6 Rbe7 53. Qd5 Rf6 54. h4 Ref7 55. Qe4 Kg7 56. Qe5 Kh7 57. f4 Rf8 58. h5 Rxf4 59. hxg6+ (59. Qxf4 Rxf4 60. Kxf4 gxh5 61. gxh5 $11) 59... Kxg6 60. Qh5+ Kg7 61. Qg5+ Kh7 62. Qxf4 Rxf4 63. Kxf4 Kg6 64. g5 Kg7 65. Kf5 Kf7 1/2-1/2

[Event "OPEN74 2025"]
[Site "Savigny"]
[Date "2025.05.29"]
[Round "2.2"]
[White "Gaudissard, Dominique"]
[Black "Lamouille, Patrick"]
[Result "0-1"]
[WhiteElo "1680"]
[BlackElo "1909"]
[PlyCount "62"]
[EventDate "2025.05.29"]
[EventCountry "FRA"]

1. e4 g6 2. d4 Bg7 3. Nf3 d6 4. h3 Nf6 5. Bd3 a6 6. O-O O-O 7. Re1 c5 8. c3 b6 9. Bg5 h6 10. Be3 Bb7 11. Nbd2 Nbd7 12. Bc2 Rc8 13. Rc1 Rc7 14. Qe2 Qa8 15. Bf4 Nh5 16. Bh2 cxd4 17. Nxd4 Rfc8 18. N2f3 e5 19. Nb3 d5 20. g4 Nf4 21. Bxf4 exf4 22. Qd2 Nf6 23. e5 Ne4 24. Qxf4 Re7 25. Nbd2 Nc5 26. Rcd1 Rce8 27. Qb4 Nd7 28. e6 Rxe6 29. Rxe6 Rxe6 30. Nd4 Bf8 31. Qxf8+ (31. Qb3 Nc5 (31... Re8 32. Bd3 Qd8 $17 {[%eval -90,22]}) 32. Qa3 $17 {[%eval -126,22]} Rf6 $17 {[%eval -132,22]}) 31... Nxf8 0-1

[Event "OPEN74 2025"]
[Site "Savigny"]
[Date "2025.05.29"]
[Round "2.1"]
[White "Le Blevec, Yelisey"]
[Black "Richard, Maxime"]
[Result "1-0"]
[WhiteElo "2026"]
[BlackElo "1671"]
[PlyCount "63"]
[EventDate "2025.05.29"]
[EventCountry "FRA"]

1. e4 c5 2. Nf3 Nc6 3. d4 cxd4 4. Nxd4 e5 5. Nb5 d6 6. N1c3 a6 7. Na3 b5 8. Nd5 Nge7 9. c4 Nxd5 10. Qxd5 Bb7 11. cxb5 axb5 12. Bxb5 Rc8 13. O-O Be7 14. Bd2 O-O 15. Rac1 Qc7 16. Rc3 Qb6 17. Qd3 Nb4 18. Qb1 d5 19. Rb3 Qd4 20. Bc3 Rxc3 21. bxc3 Qd2 22. cxb4 dxe4 23. Rd1 Qg5 24. Rg3 Qf4 25. Qc1 Qf5 26. Qc7 Qh5 27. Rf1 e3 28. Qxe7 exf2+ 29. Rxf2 Qd1+ 30. Rf1 Qd4+ 31. Kh1 h5 32. Qxb7 1-0

[Event "OPEN74 2025"]
[Site "Savigny"]
[Date "2025.05.30"]
[Round "3.15"]
[White "Aubier, Ilyas"]
[Black "Herma Winnem, Gabriel"]
[Result "0-1"]
[WhiteElo "1424"]
[BlackElo "1399"]
[PlyCount "22"]
[EventDate "2025.05.29"]
[EventCountry "FRA"]

1. d4 d5 2. Bf4 Bf5 3. c4 e6 4. Qb3 Nd7 5. Qxb7 Rb8 6. Qc6 Rxb2 7. Bxc7 Bb4+ 8. Kd1 Ne7 9. Bxd8 Nxc6 10. Bg5 Bxb1 11. Bc1 Bc2# 0-1

[Event "OPEN74 2025"]
[Site "Savigny"]
[Date "2025.05.30"]
[Round "3.6"]
[White "Bernard, Claude"]
[Black "Gaudissard, Dominique"]
[Result "0-1"]
[WhiteElo "1535"]
[BlackElo "1680"]
[PlyCount "52"]
[EventDate "2025.05.29"]
[EventCountry "FRA"]

1. d4 d5 2. c4 e6 3. Nc3 Nf6 4. Nf3 Nbd7 5. e3 Be7 6. Bd3 O-O 7. b3 b6 8. O-O Bb7 9. Re1 c5 10. cxd5 exd5 11. e4 cxd4 12. Nxd4 Ne5 13. Bc2 Bb4 14. Bd2 dxe4 15. Nxe4 Qxd4 16. Nxf6+ gxf6 17. Bxb4 Qxb4 18. Re3 Rfd8 19. Qh5 Ng6 20. Rh3 Be4 21. Qxh7+ Kf8 22. Qh6+ Ke8 23. Qe3 f5 24. f3 Qd4 25. fxe4 $4 (25. Qxd4 Rxd4 26. fxe4) 25... Qxa1+ 26. Kf2 f4 0-1

[Event "OPEN74 2025"]
[Site "Savigny"]
[Date "2025.05.30"]
[Round "3.4"]
[White "Debbiche, Amir"]
[Black "Czarniak, Tristan"]
[Result "0-1"]
[WhiteElo "1660"]
[BlackElo "1654"]
[PlyCount "108"]
[EventDate "2025.05.29"]
[EventCountry "FRA"]

1. e4 c5 2. Nf3 d6 3. Bb5+ Bd7 4. Bxd7+ Nxd7 5. O-O Ngf6 6. Re1 e5 7. c3 Be7 8. d4 cxd4 9. cxd4 O-O 10. Qd3 Rc8 11. b3 Qa5 12. Bd2 Qb6 13. Be3 Ng4 14. dxe5 Nxe3 15. exd6 Bf6 16. Nbd2 Bxa1 17. Rxa1 Ng4 18. Nc4 Qxf2+ 19. Kh1 Qc5 20. Qd4 Qxd4 21. Nxd4 Nf2+ 22. Kg1 Nxe4 23. Re1 Nef6 24. Nf5 Rc5 25. Ne7+ Kh8 26. h3 Nd5 27. Ne5 Nxe5 28. Rxe5 Rc1+ 29. Kh2 Nxe7 30. Rxe7 Rd1 31. d7 g6 32. d8=Q Rdxd8 33. Rxb7 Ra8 34. Kg3 Kg7 35. Kf4 Rfe8 36. g4 Re2 37. a4 a5 38. g5 Rc2 39. h4 Rc5 40. Ke4 Rf5 41. Ke3 Rc8 42. Kd4 Rc1 43. Rb5 Rxb5 44. axb5 f6 45. Kd5 f5 46. b6 Rc8 47. b7 Rf8 48. Kc6 f4 49. Kc7 f3 50. b8=Q Rxb8 51. Kxb8 f2 52. Kb7 f1=Q 53. Kb6 Qb1 54. Kxa5 Qxb3 0-1

[Event "OPEN74 2025"]
[Site "Savigny"]
[Date "2025.05.30"]
[Round "3.11"]
[White "Gouaty, Aurelie"]
[Black "Paris, Daniel"]
[Result "0-1"]
[WhiteElo "1566"]
[BlackElo "1511"]
[PlyCount "78"]
[EventDate "2025.05.29"]
[EventCountry "FRA"]

1. e4 e6 2. d4 d5 3. e5 c5 4. c3 Nc6 5. Bb5 Bd7 6. Bxc6 Bxc6 7. Nf3 cxd4 8. cxd4 g6 9. O-O Bg7 10. b3 Ne7 11. Bb2 O-O 12. Re1 Qd7 13. Nbd2 f6 14. a4 fxe5 15. Nxe5 Bxe5 16. Rxe5 Nf5 17. Qg4 Qf7 18. Rae1 Rae8 19. Ba3 Nh6 20. Qh4 Nf5 21. Qf4 Ne7 22. Qxf7+ Rxf7 23. Rxe6 Kf8 24. Nf3 a5 25. Ng5 Rg7 26. h3 h6 27. Rf6+ Kg8 28. Ne6 Rf7 29. Bxe7 Rfxe7 30. Rxg6+ Kf7 31. Rxh6 Rxe6 32. Rhxe6 Rxe6 33. Rxe6 Kxe6 34. g4 b5 35. axb5 Bxb5 36. f4 Bc4 37. f5+ Kf6 38. h4 Bxb3 39. h5 Bd1 0-1

[Event "OPEN74 2025"]
[Site "Savigny"]
[Date "2025.05.30"]
[Round "3.3"]
[White "Aubier, Lorys"]
[Black "Krasniqi, Delfin"]
[Result "1-0"]
[WhiteElo "1799"]
[BlackElo "1703"]
[PlyCount "91"]
[EventDate "2025.05.29"]
[EventCountry "FRA"]

1. d4 d5 2. Bg5 f6 3. Bh4 Nh6 4. Nf3 Nf5 5. e3 h5 6. h3 g5 7. Bg3 Nxg3 8. fxg3 Qd6 9. Kf2 g4 10. hxg4 Bxg4 11. Qd3 Rg8 12. Qb5+ Nc6 13. Be2 Bd7 14. Ke1 Nb4 15. Qxb7 Rd8 16. Na3 Bh6 17. Kd2 Nc6 18. Qb3 Rxg3 19. Nb5 Qb4+ 20. Qxb4 Nxb4 21. Nxc7+ Kf7 22. c3 Rc8 23. cxb4 Rxc7 24. Rxh5 Bxe3+ 25. Kxe3 Rxg2 26. Rh2 Rxh2 27. Nxh2 Rc2 28. b3 e5 29. dxe5 d4+ 30. Kxd4 Rxe2 31. Nf3 Bc6 32. Ne1 Rxe5 33. a4 a6 34. Rc1 Rd5+ 35. Kc4 Ke6 36. Nf3 Kd6 37. Nd4 Bd7 38. Rd1 Rh5 39. Nb5+ Kc6 40. Rd6+ Kb7 41. Rxd7+ Kc8 42. Rc7+ Kb8 43. Rc5 axb5+ 44. Rxb5+ Rxb5 45. Kxb5 Kc7 46. Kc5 1-0

[Event "OPEN74 2025"]
[Site "Savigny"]
[Date "2025.05.30"]
[Round "3.2"]
[White "Lamouille, Patrick"]
[Black "Bilbaut, Cyrille"]
[Result "1-0"]
[WhiteElo "1909"]
[BlackElo "1772"]
[PlyCount "119"]
[EventDate "2025.05.29"]
[EventCountry "FRA"]

1. d4 Nf6 2. Nf3 g6 3. c4 Bg7 4. g3 O-O 5. Bg2 c5 6. d5 d6 7. Nc3 Bg4 8. h3 Bxf3 9. Bxf3 Nbd7 10. e4 Nb6 11. Qd3 Nfd7 12. b3 Ne5 13. Qe3 f5 14. Bd2 Nxf3+ 15. Qxf3 Bd4 16. O-O Nd7 17. Rae1 Ne5 18. Qd1 fxe4 19. Rxe4 Nf3+ 20. Kg2 Nxd2 21. Qxd2 Qa5 22. Rxd4 cxd4 23. Qxd4 Rf7 24. Qe3 a6 25. a4 Raf8 26. Ne4 Rf5 27. f4 h6 28. g4 R5f7 29. Ng3 Qc5 30. Qe6 Kh7 31. f5 Kh8 32. Qxg6 Rf6 33. Qh5 Qe3 34. h4 Rg8 35. Rf3 Qd2+ 36. Kh3 Kg7 37. g5 hxg5 38. Qxg5+ Qxg5 39. hxg5 Rh8+ 40. Kg4 Rff8 41. Re3 Kf7 42. Ne4 Rh1 43. g6+ Kg7 44. Ng3 Rg1 45. Rxe7+ Kf6 46. Re6+ Kg7 47. Rxd6 Rxg3+ 48. Kxg3 Rxf5 49. Rb6 Rg5+ 50. Kf4 Rg1 51. Ke5 Re1+ 52. Kd4 Re7 53. c5 Rd7 54. c6 bxc6 55. Rxc6 a5 56. Kc5 Rb7 57. d6 Rxb3 58. d7 Rd3 59. Rd6 Rc3+ 60. Kb5 1-0

[Event "OPEN74 2025"]
[Site "Savigny"]
[Date "2025.05.30"]
[Round "3.1"]
[White "Van Bruggen, Hubert"]
[Black "Le Blevec, Yelisey"]
[Result "0-1"]
[WhiteElo "1751"]
[BlackElo "2026"]
[PlyCount "60"]
[EventDate "2025.05.29"]
[EventCountry "FRA"]

1. e4 c5 2. Nf3 Nc6 3. d4 cxd4 4. Nxd4 e5 5. Nb5 d6 6. N1c3 a6 7. Na3 b5 8. Nd5 Nf6 9. Bg5 Be7 10. Bxf6 Bxf6 11. Bd3 Bg5 12. O-O O-O 13. f4 exf4 14. Nxf4 Qf6 15. Qc1 Qd4+ 16. Kh1 f5 17. exf5 Bxf5 18. Bxf5 Rxf5 19. c3 Qe4 20. Qc2 Qxc2 21. Nxc2 Rxf4 22. Rxf4 Bxf4 23. g3 Be5 24. Ne3 Ne7 25. Rd1 Kf7 26. Ng4 Ke6 27. Nxe5 dxe5 28. Rd2 Rf8 29. Kg2 e4 30. Re2 Ke5 0-1

[Event "OPEN74 2025"]
[Site "Savigny"]
[Date "2025.05.30"]
[Round "4.2"]
[White "Czarniak, Tristan"]
[Black "Aubier, Lorys"]
[Result "0-1"]
[WhiteElo "1654"]
[BlackElo "1799"]
[PlyCount "54"]
[EventDate "2025.05.29"]
[EventCountry "FRA"]

1. e4 e6 2. d4 d5 3. exd5 exd5 4. Nf3 Bd6 5. Nc3 c6 6. Bd3 Nf6 7. Bg5 Bg4 8. h3 Bh5 9. O-O O-O 10. Re1 Nbd7 11. Bf5 Qc7 12. Nb1 $6 h6 13. Be3 Rfe8 14. Nbd2 Re7 15. c3 Rae8 16. Qc2 Bxf3 17. Nxf3 Ne4 18. Bxd7 Qxd7 19. a4 Re6 20. a5 a6 21. Qd3 Qe7 22. Nd2 Nxd2 23. Bxd2 Rxe1+ 24. Rxe1 Qxe1+ {abandon car il suivrait} 25. Bxe1 Rxe1+ 26. Qf1 Bh2+ 27. Kxh2 Rxf1 0-1

[Event "OPEN74 2025"]
[Site "Savigny"]
[Date "2025.05.30"]
[Round "4.6"]
[White "Krasniqi, Delfin"]
[Black "Lorenter, Patrick"]
[Result "1-0"]
[WhiteElo "1703"]
[BlackElo "1637"]
[PlyCount "43"]
[EventDate "2025.05.29"]
[EventCountry "FRA"]

1. d4 d6 2. c4 e5 3. dxe5 dxe5 4. Qxd8+ Kxd8 5. Nf3 f6 6. g3 Be6 7. Bg2 c6 8. b3 Nd7 9. O-O Kc7 10. Bd2 a5 11. a3 a4 12. b4 Bxc4 13. Nc3 b5 14. Rac1 Nh6 15. Bxh6 gxh6 16. Nh4 h5 17. Nf5 Kb6 18. Rfd1 Be6 19. Nxa4+ bxa4 20. Rxc6+ Ka7 21. Rxe6 Rd8 22. Nd6 1-0

[Event "OPEN74 2025"]
[Site "Savigny"]
[Date "2025.05.30"]
[Round "4.14"]
[White "Cardoso, Loan"]
[Black "Perrin, Leonie"]
[Result "0-1"]
[WhiteElo "1299"]
[BlackElo "1453"]
[PlyCount "90"]
[EventDate "2025.05.29"]
[EventCountry "FRA"]

1. d4 d5 2. c4 e5 3. dxe5 d4 4. Nf3 Nc6 5. Nbd2 Bb4 6. a3 Bxd2+ 7. Bxd2 Bf5 8. e3 dxe3 9. Bxe3 Be4 10. Be2 Nge7 11. Rc1 O-O 12. O-O Ng6 13. b4 Ncxe5 14. Nxe5 Nxe5 15. Bd4 Qg5 16. f3 Bg6 17. f4 Qh4 18. fxe5 Rad8 19. g3 Qxd4+ 20. Qxd4 Rxd4 21. Bf3 b6 22. Rfd1 Rfd8 23. Rxd4 Rxd4 24. c5 b5 25. Ra1 Be4 26. Bg2 Kf8 27. Re1 Bxg2 28. Kxg2 Ke7 29. Kf3 Ke6 30. h4 Rd3+ 31. Kf4 Rxa3 32. g4 a5 33. Re4 Ra4 34. h5 axb4 35. g5 b3 36. Kf3 Rxe4 37. Kxe4 b2 38. h6 g6 39. c6 b1=Q+ 40. Kd4 Qb4+ 41. Ke3 Kxe5 42. Kf3 Qe4+ 43. Kg3 Qf4+ 44. Kh3 Qxg5 45. Kh2 Kf4 0-1

[Event "OPEN74 2025"]
[Site "Savigny"]
[Date "2025.05.30"]
[Round "4.10"]
[White "Drillat, Michel"]
[Black "Gouaty, Romain"]
[Result "1-0"]
[WhiteElo "1821"]
[BlackElo "1518"]
[PlyCount "105"]
[EventDate "2025.05.29"]
[EventCountry "FRA"]

1. d4 Nf6 2. c4 c5 3. d5 b5 4. cxb5 a6 5. b6 d6 6. Nc3 Nbd7 7. e4 g6 8. Nf3 Bg7 9. h3 O-O 10. Bf4 Qxb6 11. Rb1 Nxe4 12. Qc2 Nxc3 13. bxc3 Qc7 14. Be2 Nf6 15. c4 Bf5 16. Bd3 Bxd3 17. Qxd3 Qa5+ 18. Bd2 Qxa2 19. O-O Rfb8 20. Bc3 Qa4 21. Ra1 Qd7 22. Rfb1 Rxb1+ 23. Rxb1 Qc7 24. Ra1 a5 25. Qc2 Nd7 26. Bxg7 Kxg7 27. Qc3+ Nf6 28. Ng5 a4 29. Ne4 h5 30. g4 hxg4 31. hxg4 Qd7 32. f3 Kg8 33. Qxf6 (33. Nxf6+ exf6 34. Qxf6) 33... Qxg4+ 34. fxg4 exf6 35. Nxd6 (35. Nxf6+ Kf8 36. Ne4 Ke7 37. Kf2 Kd7 38. Ra3 Ke7 39. Nc3) 35... Kf8 36. Nb5 Ke7 37. Kf2 Kd7 38. Ra3 Ke7 39. Nc3 Kd6 40. Rxa4 Rxa4 41. Nxa4 Ke5 42. Nxc5 f5 43. gxf5 Kxf5 44. Nb7 Ke5 45. d6 Ke6 46. c5 Kd7 47. Na5 Ke6 48. Nc4 f6 49. Nb6 f5 50. d7 Ke7 51. c6 Kd8 52. Nc4 g5 53. Nd6 1-0

[Event "OPEN74 2025"]
[Site "Savigny"]
[Date "2025.05.30"]
[Round "4.1"]
[White "Le Blevec, Yelisey"]
[Black "Lamouille, Patrick"]
[Result "1-0"]
[WhiteElo "2026"]
[BlackElo "1909"]
[PlyCount "71"]
[EventDate "2025.05.29"]
[EventCountry "FRA"]

1. e4 g6 2. d4 Bg7 3. Nc3 d6 4. f4 Nf6 5. Nf3 O-O 6. Bd3 c5 7. dxc5 dxc5 8. e5 Ng4 9. O-O Nc6 10. Qe2 Nd4 11. Nxd4 cxd4 12. Ne4 Qb6 13. b3 Bf5 14. h3 Nh6 15. Qf2 Rad8 16. Ba3 Qc6 17. Rfe1 Rd7 18. Rad1 Rfd8 19. Bb2 b5 20. Ng3 e6 21. Bxf5 Nxf5 22. Nxf5 gxf5 23. Rxd4 Bf8 24. Qg3+ Kh8 25. Rxd7 Rxd7 26. Rc1 Bc5+ 27. Kh2 Qe4 28. c4 Be3 29. Rf1 bxc4 30. bxc4 Bc5 31. Qf3 Qc2 32. Qa8+ Kg7 33. Rf3 Qxb2 $2 (33... Qd1 $3 34. Bd4 (34. Rg3+ Kh6 35. Qg8 Qg1#) 34... Qxd4 $19 {[%eval -782,21]} 35. Rf1 $19 {[%eval -854,26]}) 34. Rg3+ Kh6 35. Qg8 f6 36. Qxe6 1-0

[Event "OPEN74 2025"]
[Site "Savigny"]
[Date "2025.05.30"]
[Round "4.3"]
[White "Aubier, Florent"]
[Black "Garin Laurel, Matteo"]
[Result "1-0"]
[WhiteElo "1803"]
[BlackElo "1809"]
[PlyCount "65"]
[EventDate "2025.05.29"]
[EventCountry "FRA"]

1. d4 Nf6 2. Bg5 d5 3. e3 e6 4. Nd2 Be7 5. Bd3 h6 6. Bh4 Nbd7 7. f4 c5 8. c3 a5 9. Ngf3 a4 10. a3 Qa5 11. Ne5 b5 12. Nc6 Qb6 13. Nxe7 Kxe7 14. Qe2 Ba6 15. O-O b4 16. Bxa6 Qxa6 17. c4 Rhb8 18. e4 Kf8 19. e5 Ne4 20. Nxe4 dxe4 21. Qxe4 Qxc4 22. Qh7 f6 23. dxc5 Qxc5+ 24. Kh1 Kf7 25. Rac1 Qe7 26. exf6 Nxf6 27. Bxf6 Kxf6 28. f5 Ke5 29. Rfe1+ Kd5 30. fxe6 Qh4 31. Qf5+ Kd6 32. Red1+ Ke7 33. Qf7# 1-0

[Event "OPEN74 2025"]
[Site "Savigny"]
[Date "2025.05.30"]
[Round "4.4"]
[White "Bilbaut, Cyrille"]
[Black "Frion, Sandrine"]
[Result "1-0"]
[WhiteElo "1772"]
[BlackElo "1644"]
[PlyCount "69"]
[EventDate "2025.05.29"]
[EventCountry "FRA"]

1. e4 e5 2. Nf3 Nc6 3. d4 exd4 4. Nxd4 Bc5 5. Be3 Qf6 6. c3 Nge7 7. g3 O-O 8. Bg2 Nxd4 9. cxd4 Bb4+ 10. Nc3 d6 11. O-O Bd7 12. f4 Rab8 13. Qd3 a6 14. f5 Rfe8 15. h4 h6 16. Kh2 Bxc3 17. Qxc3 Nc6 18. Rad1 Rbc8 19. Bf4 Qe7 20. Rde1 Qd8 21. Qd2 Qf6 22. Rd1 Rcd8 23. Qc3 Qe7 24. a3 Rc8 25. Qf3 Rcd8 26. Qf2 Qf6 27. Bc1 Na5 28. g4 g5 29. fxg6 Qxf2 30. Rxf2 fxg6 31. Bxh6 Bxg4 32. Rdf1 Nb3 33. Rf7 Rc8 34. Rg7+ Kh8 35. Rff7 1-0